[Event "ISR-ch op"]
[Site "Acre"]
[Date "2024.01.25"]
[Round "5"]
[White "Mendler, Omer"]
[Black "Kochavi, Dana"]
[Result "1-0"]
[WhiteElo "1537"]
[BlackElo "2121"]
[PlyCount "87"]
[EventDate "2024.01.21"]
[EventType "swiss"]
[EventRounds "9"]
[EventCountry "ISR"]
[SourceTitle "CB05_2024"]
[SourceDate "2024.01.31"]
[SourceVersion "1"]
[SourceVersionDate "2024.01.31"]
[SourceQuality "1"]

1. d4 Nf6 2. Bf4 d5 3. e3 Bf5 4. Nf3 e6 5. Nbd2 Be7 6. Be2 h6 7. h3 a6 8. 0-0 0-0 9. c3 c5 10. Ne5 Nc6 11. Ndf3 Rc8 12. Rc1 Bh7 13. Re1 Qa5 14. Qb3 b5 15. dxc5 Bxc5 16. Nd4 Nxe5 17. Bxe5 Be7 18. Ra1 Nd7 19. Bh2 Nc5 20. Qd1 Na4 21. Qb3 Rfd8 22. Bf3 e5 23. Bxd5 exd4 24. Bxf7+ Kh8 25. exd4 Bh4 26. Be5 Qb6 27. Re2 Rf8 28. Bd5 Qd8 29. Bb7 Qg5 30. Bxc8 Bd3 31. Rae1 Bxe2 32. Rxe2 Rxc8 33. Qe6 Rf8 34. f4 Qg3 35. Qxh6+ Kg8 36. Bxg7 Qxg7 37. Qxh4 Rf6 38. Re8+ Kf7 39. Qe1 Kg6 40. Qe4+ Kh6 41. g4 Qg6 42. g5+ Kh7 43. Re7+ Kh8 44. Qa8+ 1-0

[Event "Netanya op"]
[Site "Netanya"]
[Date "2019.07.02"]
[Round "9"]
[White "Segev, Ido"]
[Black "Mendler, Omer"]
[Result "0-1"]
[WhiteElo "1382"]
[BlackElo "1231"]
[PlyCount "110"]
[EventDate "2019.06.23"]
[EventType "swiss"]
[EventRounds "9"]
[EventCountry "ISR"]
[SourceTitle "EXT 2020"]
[Source "ChessBase"]
[SourceDate "2019.10.17"]
[SourceVersion "1"]
[SourceVersionDate "2019.10.17"]
[SourceQuality "1"]

1. e4 e5 2. Nf3 Nc6 3. Bc4 Be7 4. d3 d6 5. c3 Nf6 6. 0-0 Bg4 7. Be3 0-0 8. Nbd2 a6 9. a4 d5 10. exd5 Nxd5 11. Qc2 Kh8 12. d4 exd4 13. Nxd4 Nxd4 14. Bxd4 c5 15. Be3 f5 16. Nb3 f4 17. Bxc5 Bxc5 18. Nxc5 f3 19. Qe4 Nf6 20. Qd3 Qb6 21. b4 Rad8 22. Qe3 Rfe8 23. Ne6 Qxe3 24. fxe3 Bxe6 25. Bxe6 Rxe6 26. Rxf3 Rd3 27. Re1 Rxc3 28. e4 Rc8 29. h3 h6 30. Rd3 Rce8 31. e5 Rxe5 32. Rb1 Re1+ 33. Rxe1 Rxe1+ 34. Kf2 Rb1 35. Rd4 Kg8 36. g4 Kf7 37. Rc4 Nd5 38. Rd4 Ke6 39. b5 axb5 40. axb5 Rxb5 41. Re4+ Kd6 42. Rd4 Rb2+ 43. Kg3 Rb3+ 44. Kf2 Rxh3 45. Rd1 b5 46. Ra1 Rc3 47. Ra7 Rc7 48. Ra6+ Rc6 49. Ra7 Nc7 50. Ra1 b4 51. Rd1+ Nd5 52. Kf3 b3 53. Rb1 Rb6 54. Rb2 Kc5 55. Rb1 b2 0-1